| 000 | 00883cam a22002534a 4500 | ||
|---|---|---|---|
| 001 | TB12054 | ||
| 003 | IN-BhIIT | ||
| 005 | 20260101155610.0 | ||
| 008 | 100330s2011 maua b 001 0 eng | ||
| 020 | _a9789332542884 (PBK) | ||
| 040 | _aIN-BhIIT | ||
| 041 | _aeng | ||
| 082 | 0 | 0 |
_a621.395 _bWES/C |
| 100 | 1 |
_aWeste, Neil H. E. _eAuthor _925115 |
|
| 245 | 1 | 0 |
_aCMOS VLSI design : _ba circuits and systems perspective / _cby Neil H.E. Weste, David Money Harris. |
| 250 | _a4th ed. | ||
| 260 |
_aBoston : _bAddison Wesley, _cc2011. |
||
| 300 |
_axxv, 383 p. : _bcol. ill. ; _c26 cm. |
||
| 504 | _aIncludes bibliographical references and index. | ||
| 650 | 0 |
_aIntegrated circuits _xVery large scale integration _xDesign and construction. _91090 |
|
| 650 | 0 |
_aMetal oxide semiconductors, Complementary. _9279 |
|
| 700 | 1 |
_aHarris, David Money. _eJoint author _925024 |
|
| 942 |
_cTB _05 |
||
| 999 |
_c14589 _d14589 |
||